Industry 2000 - New perspectives - Collected background papers

Guardat en:
Dades bibliogràfiques
Format: Llibre
Idioma:Undetermined
Publicat: London UNIDO 1979
Matèries:
Etiquetes: Afegir etiqueta
Sense etiquetes, Sigues el primer a etiquetar aquest registre!
Thư viện lưu trữ: Trung tâm Học liệu Trường Đại học Cần Thơ
LEADER 00454nam a2200145Ia 4500
001 CTU_79053
008 210402s9999 xx 000 0 und d
082 |a 332 
082 |b I.42/Vol.3 
245 0 |a Industry 2000 - New perspectives - Collected background papers 
260 |a London 
260 |b UNIDO 
260 |c 1979 
650 |a Industrialization,Industries,International economic relations 
980 |a Trung tâm Học liệu Trường Đại học Cần Thơ